Studies on the simultaneous enzymatic isomerization and yeast fermentation of D-Xylose /

Guardado en:
Otros Autores: Roman de Rodriguez Ganduglia, Graciela Nora. (Disertante)
Formato: Manuscrito
Idioma:English
Publicado: 1983.
Materias:
Etiquetas: Agregar Etiqueta
Sin Etiquetas, Sea el primero en etiquetar este registro!
LEADER 00964ntm a22002535a 4500
001 EIQ.libpla002658
008 070717s1983####xx#a#####bm###000#0#eng#d
005 20070717173646.0
245 1 0 |a Studies on the simultaneous enzymatic isomerization and yeast fermentation of D-Xylose /  |c by Graciela Roman de Rodriguez Ganduglia. 
260 |c 1983. 
300 |a xviii, 258 h. :  |b il., tablas, figuras ;  |c 30 cm. 
500 |a Director de tesis: George T. Tsao. 
502 |a Tesis (doctorado)-- Pardue University, 1983. 
504 |a Incluye referencias bibliográficas. 
100 1 |a Roman de Rodriguez Ganduglia, Graciela Nora.  |4 dis 
710 2 |a Pardue University  |4 dgg. 
650 4 |a Procesos  |x Tesis. 
650 4 |a Procesos  |x Enzimas. 
650 4 |a Procesos  |x Fermentación. 
650 4 |a Processes  |x Thesis. 
650 4 |a Processes  |x Enzymes. 
650 4 |a Processes  |x Fermentation. 
040 |a AR-BbSID  |b spa  |c AR-BbSID 
859 |a AR-BbSID  |b BIB. PLAPIQUI  |h 547.758  |i R 66  |p 2945